<?xml version="1.0" encoding="UTF-8"?>
<record
    xmlns:xsi="http://www.w3.org/2001/XMLSchema-instance"
    xsi:schemaLocation="http://www.loc.gov/MARC21/slim http://www.loc.gov/standards/marcxml/schema/MARC21slim.xsd"
    xmlns="http://www.loc.gov/MARC21/slim">

  <leader>00402nam a22001697a 4500</leader>
  <controlfield tag="003">OSt</controlfield>
  <controlfield tag="005">20251004110953.0</controlfield>
  <controlfield tag="007">1274 pages</controlfield>
  <controlfield tag="008">251004b        |||||||| |||| 00| 0 eng d</controlfield>
  <datafield tag="020" ind1=" " ind2=" ">
    <subfield code="a">9789358702507</subfield>
  </datafield>
  <datafield tag="040" ind1=" " ind2=" ">
    <subfield code="c"> </subfield>
  </datafield>
  <datafield tag="082" ind1=" " ind2=" ">
    <subfield code="2">23</subfield>
    <subfield code="a">510</subfield>
    <subfield code="b">DAS</subfield>
  </datafield>
  <datafield tag="245" ind1=" " ind2=" ">
    <subfield code="a">Advanced Engineering Mathematics</subfield>
    <subfield code="c">Dass,H.K</subfield>
  </datafield>
  <datafield tag="250" ind1=" " ind2=" ">
    <subfield code="a">23</subfield>
  </datafield>
  <datafield tag="260" ind1=" " ind2=" ">
    <subfield code="b">S.Chand</subfield>
    <subfield code="c">2025</subfield>
  </datafield>
  <datafield tag="942" ind1=" " ind2=" ">
    <subfield code="2">ddc</subfield>
    <subfield code="c">BK</subfield>
    <subfield code="e">23</subfield>
    <subfield code="k">510</subfield>
    <subfield code="m">DAS</subfield>
    <subfield code="n">0</subfield>
  </datafield>
  <datafield tag="999" ind1=" " ind2=" ">
    <subfield code="c">36255</subfield>
    <subfield code="d">36255</subfield>
  </datafield>
  <datafield tag="952" ind1=" " ind2=" ">
    <subfield code="0">0</subfield>
    <subfield code="1">0</subfield>
    <subfield code="2">ddc</subfield>
    <subfield code="4">0</subfield>
    <subfield code="7">0</subfield>
    <subfield code="8">MATH</subfield>
    <subfield code="a">CRCE</subfield>
    <subfield code="b">CRCE</subfield>
    <subfield code="d">2025-10-04</subfield>
    <subfield code="g">850.00</subfield>
    <subfield code="i">AO/25/09/487 dt 26.09.2025</subfield>
    <subfield code="l">4</subfield>
    <subfield code="m">1</subfield>
    <subfield code="o">510/DAS</subfield>
    <subfield code="p">26869</subfield>
    <subfield code="r">2026-04-23</subfield>
    <subfield code="s">2026-04-17</subfield>
    <subfield code="w">2025-10-04</subfield>
    <subfield code="y">BK</subfield>
  </datafield>
  <datafield tag="952" ind1=" " ind2=" ">
    <subfield code="0">0</subfield>
    <subfield code="1">0</subfield>
    <subfield code="2">ddc</subfield>
    <subfield code="4">0</subfield>
    <subfield code="7">0</subfield>
    <subfield code="8">MATH</subfield>
    <subfield code="a">CRCE</subfield>
    <subfield code="b">CRCE</subfield>
    <subfield code="d">2025-10-04</subfield>
    <subfield code="g">850.00</subfield>
    <subfield code="i">AO/25/09/487 dt 26.09.2025</subfield>
    <subfield code="l">4</subfield>
    <subfield code="m">2</subfield>
    <subfield code="o">510/DAS</subfield>
    <subfield code="p">26870</subfield>
    <subfield code="r">2026-04-22</subfield>
    <subfield code="s">2026-04-17</subfield>
    <subfield code="w">2025-10-04</subfield>
    <subfield code="y">BK</subfield>
  </datafield>
  <datafield tag="952" ind1=" " ind2=" ">
    <subfield code="0">0</subfield>
    <subfield code="1">0</subfield>
    <subfield code="2">ddc</subfield>
    <subfield code="4">0</subfield>
    <subfield code="7">0</subfield>
    <subfield code="8">MATH</subfield>
    <subfield code="a">CRCE</subfield>
    <subfield code="b">CRCE</subfield>
    <subfield code="d">2025-10-04</subfield>
    <subfield code="g">850.00</subfield>
    <subfield code="i">AO/25/09/487 dt 26.09.2025</subfield>
    <subfield code="l">8</subfield>
    <subfield code="m">2</subfield>
    <subfield code="o">510/DAS</subfield>
    <subfield code="p">26871</subfield>
    <subfield code="r">2026-05-25</subfield>
    <subfield code="s">2026-05-13</subfield>
    <subfield code="w">2025-10-04</subfield>
    <subfield code="y">BK</subfield>
  </datafield>
  <datafield tag="952" ind1=" " ind2=" ">
    <subfield code="0">0</subfield>
    <subfield code="1">0</subfield>
    <subfield code="2">ddc</subfield>
    <subfield code="4">0</subfield>
    <subfield code="7">0</subfield>
    <subfield code="8">MATH</subfield>
    <subfield code="a">CRCE</subfield>
    <subfield code="b">CRCE</subfield>
    <subfield code="d">2025-10-04</subfield>
    <subfield code="g">850.00</subfield>
    <subfield code="i">AO/25/09/487 dt 26.09.2025</subfield>
    <subfield code="l">2</subfield>
    <subfield code="o">510/DAS</subfield>
    <subfield code="p">26872</subfield>
    <subfield code="r">2026-06-01</subfield>
    <subfield code="s">2025-10-30</subfield>
    <subfield code="w">2025-10-04</subfield>
    <subfield code="y">BK</subfield>
  </datafield>
  <datafield tag="952" ind1=" " ind2=" ">
    <subfield code="0">0</subfield>
    <subfield code="1">0</subfield>
    <subfield code="2">ddc</subfield>
    <subfield code="4">0</subfield>
    <subfield code="7">0</subfield>
    <subfield code="8">MATH</subfield>
    <subfield code="a">CRCE</subfield>
    <subfield code="b">CRCE</subfield>
    <subfield code="d">2025-10-04</subfield>
    <subfield code="g">850.00</subfield>
    <subfield code="i">AO/25/09/487 dt 26.09.2025</subfield>
    <subfield code="l">6</subfield>
    <subfield code="m">2</subfield>
    <subfield code="o">510/DAS</subfield>
    <subfield code="p">26873</subfield>
    <subfield code="r">2026-05-13</subfield>
    <subfield code="s">2026-04-22</subfield>
    <subfield code="w">2025-10-04</subfield>
    <subfield code="y">BK</subfield>
  </datafield>
  <datafield tag="952" ind1=" " ind2=" ">
    <subfield code="0">0</subfield>
    <subfield code="1">0</subfield>
    <subfield code="2">ddc</subfield>
    <subfield code="4">0</subfield>
    <subfield code="7">0</subfield>
    <subfield code="8">MATH</subfield>
    <subfield code="a">CRCE</subfield>
    <subfield code="b">428</subfield>
    <subfield code="d">2025-10-04</subfield>
    <subfield code="g">850.00</subfield>
    <subfield code="i">AO/25/09/487 dt 26.09.2025</subfield>
    <subfield code="l">4</subfield>
    <subfield code="o">510/DAS</subfield>
    <subfield code="p">26874</subfield>
    <subfield code="r">2026-01-07</subfield>
    <subfield code="s">2026-01-03</subfield>
    <subfield code="w">2025-10-04</subfield>
    <subfield code="y">BK</subfield>
  </datafield>
  <datafield tag="952" ind1=" " ind2=" ">
    <subfield code="0">0</subfield>
    <subfield code="1">0</subfield>
    <subfield code="2">ddc</subfield>
    <subfield code="4">0</subfield>
    <subfield code="7">0</subfield>
    <subfield code="8">MATH</subfield>
    <subfield code="a">CRCE</subfield>
    <subfield code="b">428</subfield>
    <subfield code="d">2025-10-04</subfield>
    <subfield code="g">850.00</subfield>
    <subfield code="i">AO/25/09/487 dt 26.09.2025</subfield>
    <subfield code="l">3</subfield>
    <subfield code="m">1</subfield>
    <subfield code="o">510/DAS</subfield>
    <subfield code="p">26875</subfield>
    <subfield code="r">2026-04-20</subfield>
    <subfield code="s">2026-04-17</subfield>
    <subfield code="w">2025-10-04</subfield>
    <subfield code="y">BK</subfield>
  </datafield>
  <datafield tag="952" ind1=" " ind2=" ">
    <subfield code="0">0</subfield>
    <subfield code="1">0</subfield>
    <subfield code="2">ddc</subfield>
    <subfield code="4">0</subfield>
    <subfield code="7">0</subfield>
    <subfield code="8">MATH</subfield>
    <subfield code="a">CRCE</subfield>
    <subfield code="b">428</subfield>
    <subfield code="d">2025-10-04</subfield>
    <subfield code="g">850.00</subfield>
    <subfield code="i">AO/25/09/487 dt 26.09.2025</subfield>
    <subfield code="l">7</subfield>
    <subfield code="o">510/DAS</subfield>
    <subfield code="p">26876</subfield>
    <subfield code="r">2026-04-24</subfield>
    <subfield code="s">2026-04-17</subfield>
    <subfield code="w">2025-10-04</subfield>
    <subfield code="y">BK</subfield>
  </datafield>
  <datafield tag="952" ind1=" " ind2=" ">
    <subfield code="0">0</subfield>
    <subfield code="1">0</subfield>
    <subfield code="2">ddc</subfield>
    <subfield code="4">0</subfield>
    <subfield code="7">0</subfield>
    <subfield code="8">MATH</subfield>
    <subfield code="a">CRCE</subfield>
    <subfield code="b">CRCE</subfield>
    <subfield code="d">2025-10-04</subfield>
    <subfield code="g">850.00</subfield>
    <subfield code="i">AO/25/09/487 dt 26.09.2025</subfield>
    <subfield code="l">6</subfield>
    <subfield code="m">3</subfield>
    <subfield code="o">510/DAS</subfield>
    <subfield code="p">26877</subfield>
    <subfield code="r">2026-04-21</subfield>
    <subfield code="s">2026-03-20</subfield>
    <subfield code="w">2025-10-04</subfield>
    <subfield code="y">BK</subfield>
  </datafield>
  <datafield tag="952" ind1=" " ind2=" ">
    <subfield code="0">0</subfield>
    <subfield code="1">0</subfield>
    <subfield code="2">ddc</subfield>
    <subfield code="4">0</subfield>
    <subfield code="7">0</subfield>
    <subfield code="8">MATH</subfield>
    <subfield code="a">CRCE</subfield>
    <subfield code="b">CRCE</subfield>
    <subfield code="d">2025-10-04</subfield>
    <subfield code="g">850.00</subfield>
    <subfield code="i">AO/25/09/487 dt 26.09.2025</subfield>
    <subfield code="l">3</subfield>
    <subfield code="o">510/DAS</subfield>
    <subfield code="p">26878</subfield>
    <subfield code="r">2025-11-25</subfield>
    <subfield code="s">2025-11-24</subfield>
    <subfield code="w">2025-10-04</subfield>
    <subfield code="y">RB</subfield>
  </datafield>
</record>
